| 000 | 01156nam a2200289Ia 4500 | ||
|---|---|---|---|
| 999 |
_c53767 _d53767 |
||
| 001 | 20816 | ||
| 003 | GE_BSU | ||
| 005 | 20210420181259.0 | ||
| 008 | 181216s ||||ru |||||||||||||| ||rus|| | ||
| 020 | _a978594774757-7(Ч.1) | ||
| 040 | _cGE_BSU | ||
| 041 | _arus | ||
| 080 | _a547(075.8) О-64 | ||
| 245 |
_aОрганическая химия : Задачи по общему курсу в 2ч, ч.1 : _bУчебник для высшей школы / _cМ.В. Ливанцов, Г.С. Зайцева, Л.И. Ливанцова ; Под ред. : Н. С. Зефирова. |
||
| 264 |
_aМосква : _bБином, _c2017. |
||
| 300 |
_a254 стр. : _bил.; _c23 см. |
||
| 500 | _aбиблиогр. : стр 253-254 | ||
| 541 | _h38Л,50т. | ||
| 653 | _aОрганическая химия | ||
| 653 | _aორგანული ქიმია | ||
| 653 | _aქიმია | ||
| 700 |
_aЛиванцов, М.В. _eАвтор _911469 |
||
| 700 |
_aЗайцева, Г.С. _eАвтор _911470 |
||
| 700 |
_aЛиванцова, Л.И. _eАвтор _911471 |
||
| 700 |
_aЗефирова, Н.С _eАвтор _911472 |
||
| 942 |
_cBK _2udc |
||